000 00794nas a2200253 4500
001 BR2017001886
003 BR-BrBNA
005 20231205131021.0
007 ta
008 230509b bl.|||p| |||| 00| 00por d
040 _aBR-BrBNA
_bpor
_cBiblioteca Nacional de Agricultura
041 _a(Pt)
072 _aF06
100 1 _aFerrarezi, R.S.
100 1 _aFerreira Filho, A.C.
100 1 _aTestezlaf, R.
245 1 _aAltura de lâmina e tempo de permanência de água na umidade de substratos em subirrigação
650 _aIRRIGAÇÃO
650 _aMANEJO
650 _aSUBSTRATO DE CULTURA
773 0 _tHorticultura Brasileira (Brazil)
_xISSN 0102-0536
_g(Apr-Jun 2017), v. 35(2) p. 186-194
_wBR2017001886
909 _a202311
_bLúcia
_c55
_dLúcia Elande
942 _2AGRIS
_n0
_cANA
999 _c252603
_d252603